000 00322nam a22001337a 4500
020 _a0-435-99890-0
082 _a158
_bMIL/H
100 _aMILLS, SANDRA
245 _aHELPING PUPILS TO COPE WITH STRESS
260 _aDELHI
_bMADHUBAN PUBLICATIONAL BOOKS
_c2002
300 _a128
650 _aPSYCHOLOGY
_zINDIA
942 _cBK
999 _c5634
_d5634